[Event "exe Slovakia Open 2025"]
[Site "Bratislava SVK"]
[Date "2025.09.18"]
[Round "6.10"]
[White "Jablonicky, Martin"]
[Black "Lahav, Michal"]
[Result "1-0"]
[WhiteTitle "IM"]
[BlackTitle "WIM"]
[WhiteElo "2363"]
[BlackElo "2152"]
[WhiteFideId "14925621"]
[BlackFideId "2813742"]
[EventDate "2025.09.13"]

1. e4 e6 2. d4 d5 3. Nc3 Nf6 4. e5 Nfd7 5. f4 c5 6. Nf3 Nc6 7. Be3 cxd4 8. Nxd4
Qb6 9. Qd2 Qxb2 10. Rb1 Qa3 11. Bb5 Nxd4 12. Bxd4 Bb4 13. O-O O-O 14. f5 exf5
15. Rf3 Bc5 16. Nxd5 Qxa2 17. Rfb3 Bxd4+ 18. Qxd4 Qxc2 19. Nc3 a6 20. Bd3 Qd2
21. Nd5 Kh8 22. Ne7 Nb8 23. Qc5 Nd7 24. Qd4 Nb8 25. Qc5 Nd7 26. Qd6 Qe3+ 27. Kh1
Qxe5 28. Nxc8 Qxd6 29. Nxd6 Nc5 30. Rc3 Nxd3 31. Rxd3 b5 32. Nxf5 g6 33. Nd6 Ra7
34. Ra1 Rb8 35. Kg1 b4 36. Rb3 a5 37. Nc4 a4 38. Nb2 axb3 39. Rxa7 Kg7 40. Ra1
Rd8 41. Rb1 Rd2 42. Nc4 Rc2 43. Ne3 Ra2 44. Nd1 Rd2 45. Nf2 Rc2 46. Nd3 Rc3 47.
Nxb4 h5 48. Kf2 Kh6 49. Ke2 h4 50. Kd2 Rc4 51. Rxb3 Rg4 52. g3 hxg3 53. hxg3 f5
54. Nd5 Re4 55. Nf4 g5 56. Rb6+ Kh7 57. Rb7+ Kh6 58. Rb6+ Kh7 59. Nh5 Ra4 60.
Kd3 Ra1 61. Kd4 Re1 62. Kd5 Rh1 63. Nf6+ Kg6 64. Ne4+ Kh5 65. g4+ fxg4 66. Ng3+
Kh4 67. Nxh1 g3 68. Ke4 g2 69. Kf5 gxh1=B 70. Rh6+ Kg3 1-0

[Event "exe Slovakia Open 2025"]
[Site "Bratislava SVK"]
[Date "2025.09.18"]
[Round "6.11"]
[White "Nadzamova, Viktoria"]
[Black "Nawalaniec, Adam"]
[Result "0-1"]
[WhiteTitle "WFM"]
[BlackTitle "FM"]
[WhiteElo "2129"]
[BlackElo "2302"]
[WhiteFideId "14943999"]
[BlackFideId "21023786"]
[EventDate "2025.09.13"]

1. e4 c5 2. b4 cxb4 3. d4 d5 4. exd5 Nf6 5. a3 Qxd5 6. Nf3 Bg4 7. Be2 e6 8. O-O
Nc6 9. axb4 Bxb4 10. c3 Bd6 11. Ba3 Bxa3 12. Nxa3 O-O 13. Nc2 Bh5 14. Ne3 Qd6
15. Qb3 b6 16. Rfd1 Nd5 17. Nxd5 exd5 18. c4 Na5 19. Qb5 Nxc4 20. Bxc4 Bxf3 21.
gxf3 dxc4 22. Qxc4 Rac8 23. Qb5 Rc7 24. Rd3 h6 25. Kh1 Rfc8 26. Rg1 g6 27. Qf5
Kg7 28. h4 Rc2 29. f4 Rxf2 0-1

[Event "exe Slovakia Open 2025"]
[Site "Bratislava SVK"]
[Date "2025.09.18"]
[Round "6.12"]
[White "Akdogan, Alperen"]
[Black "Stevik, Patrik"]
[Result "0-1"]
[WhiteTitle "FM"]
[BlackTitle "FM"]
[WhiteElo "2113"]
[BlackElo "2314"]
[WhiteFideId "6347363"]
[BlackFideId "14944812"]
[EventDate "2025.09.13"]

1. d4 Nf6 2. Nf3 e6 3. c4 d5 4. g3 Bd6 5. Bg2 O-O 6. O-O Nbd7 7. Qc2 c6 8. Nbd2
Re8 9. Rd1 Qe7 10. Re1 e5 11. e4 dxe4 12. Nxe4 Nxe4 13. Qxe4 Qf8 14. Qc2 exd4
15. Rxe8 Qxe8 16. Bd2 Nf6 17. Nxd4 Bg4 18. h3 Bh5 19. Nf5 Bf8 20. Nh4 Rd8 21. g4
Qe2 0-1

[Event "exe Slovakia Open 2025"]
[Site "Bratislava SVK"]
[Date "2025.09.18"]
[Round "6.13"]
[White "Snehal, Bhosale"]
[Black "Zetocha, Adrian"]
[Result "1-0"]
[WhiteTitle "CM"]
[BlackTitle "FM"]
[WhiteElo "2270"]
[BlackElo "2183"]
[WhiteFideId "5021995"]
[BlackFideId "14950430"]
[EventDate "2025.09.13"]

1. d4 Nf6 2. c4 g6 3. Nf3 Bg7 4. g3 c6 5. Bg2 O-O 6. Nc3 d5 7. O-O Nbd7 8. cxd5
Nxd5 9. e4 Nxc3 10. bxc3 Nb6 11. a4 Bg4 12. Qe2 e5 13. a5 Nd7 14. Rd1 Qc7 15. h3
Bxf3 16. Bxf3 Rfe8 17. Qa2 Nf6 18. Bg5 Rad8 19. Rab1 Rd7 20. Bxf6 Bxf6 21. Bg4
Rde7 22. d5 cxd5 23. Qxd5 h5 24. Bd7 Rb8 25. c4 Kg7 26. Qd6 Rxd7 27. Qxd7 Qxc4
28. Qd5 Qc2 29. Rdc1 1-0

[Event "exe Slovakia Open 2025"]
[Site "Bratislava SVK"]
[Date "2025.09.18"]
[Round "6.14"]
[White "Janik, Marek Tobias"]
[Black "Gubin, Dmitrii"]
[Result "1/2-1/2"]
[WhiteElo "2045"]
[BlackElo "2219"]
[WhiteFideId "73612715"]
[BlackFideId "13911848"]
[EventDate "2025.09.13"]

1. e4 c5 2. Nf3 Nc6 3. Bb5 g6 4. O-O Bg7 5. Re1 e5 6. a4 Nge7 7. Nc3 O-O 8. Bc4
d6 9. d3 h6 10. Be3 Kh7 11. h4 f5 12. exf5 Bxf5 13. Nd5 Qd7 14. Nd2 b6 15. Ne4
Rad8 16. Ng3 Be6 17. Nxe7 Nxe7 18. Bxe6 Qxe6 19. a5 d5 20. axb6 axb6 21. Ra6 Ra8
22. Rxa8 Rxa8 23. d4 Qf6 24. dxe5 Qxh4 25. Bc1 Rf8 26. Qe2 Nc6 27. e6 Nd4 28.
Qd2 Re8 29. c3 Nxe6 30. Qxd5 Nf4 31. Qd2 Rxe1+ 32. Qxe1 Nd3 33. Qe3 Qc4 34. Ne2
b5 35. Bd2 Nxb2 36. Nf4 Qf7 37. Qxc5 Nc4 38. Be3 Nxe3 39. fxe3 Qf5 40. Qxf5 gxf5
41. Ne2 Kg6 42. Kf2 Bf8 43. Nd4 b4 44. cxb4 Bxb4 45. Kf3 1/2-1/2

[Event "exe Slovakia Open 2025"]
[Site "Bratislava SVK"]
[Date "2025.09.18"]
[Round "6.15"]
[White "Selbes, Tamer Tarik"]
[Black "Shtemler, Lavi"]
[Result "1/2-1/2"]
[WhiteTitle "FM"]
[WhiteElo "2209"]
[BlackElo "2185"]
[WhiteFideId "6302513"]
[BlackFideId "2812061"]
[EventDate "2025.09.13"]

1. e4 c5 2. Nf3 Nc6 3. Bb5 g6 4. Bxc6 dxc6 5. d3 Bg7 6. a4 a5 7. O-O Nf6 8. Re1
Qc7 9. e5 Nd5 10. h3 O-O 11. Na3 Rd8 12. Qe2 Nb4 13. Qe4 Be6 14. Qh4 Bd5 15. e6
f6 16. Bf4 Qc8 17. Qg4 f5 18. Qg3 Bxf3 19. Qxf3 Bxb2 20. Nc4 Bxa1 21. Nb6 Bf6
22. Nxc8 Raxc8 23. Re2 b5 24. axb5 cxb5 25. Qb7 c4 26. Bc7 cxd3 27. cxd3 Re8 28.
Qxb5 Nxd3 29. Bxa5 Nf4 30. Re1 Nh5 31. Bc7 Ng7 32. Qb7 Bc3 33. Re2 Kf8 34. g4
Bf6 35. Kg2 Ra8 36. f3 Rac8 37. Kg3 Ra8 38. Kg2 Rac8 39. Bg3 Rc4 40. Qd5 Rec8
41. Ra2 R4c5 42. Qd7 R5c6 43. h4 Rc2+ 44. Rxc2 Rxc2+ 45. Kf1 Rc1+ 46. Ke2 Rc2+
47. Kd1 Rc4 48. Bf2 fxg4 49. Qd5 Ra4 50. Qd8+ Ne8 51. Be3 Bg7 52. Bc5 Bf6 53.
Be3 Bg7 54. h5 gxf3 55. h6 Bf6 56. Qd5 Ra1+ 57. Kc2 Ra6 58. Bc5 Ra4 59. Be3 Ra6
60. Kb3 Rd6 61. Qc4 Rd1 62. Qe4 Rd6 63. Bc5 Ra6 64. Kb4 Nc7 65. Qb7 Rxe6 66.
Qxc7 Re4+ 67. Kb5 Re5 68. Kc4 Rf5 69. Bf2 Kf7 70. Qb7 Bg5 71. Kd3 Bxh6 72. Qb3+
Kf8 73. Qb8+ Kf7 74. Qh8 Bg7 75. Qb8 Bf6 76. Qb3+ Kg7 77. Qe6 h5 78. Qe4 Kf7 79.
Qc4+ Kg7 80. Qe4 Kf7 81. Qc4+ Kg7 1/2-1/2

[Event "exe Slovakia Open 2025"]
[Site "Bratislava SVK"]
[Date "2025.09.18"]
[Round "6.16"]
[White "Sydoryka, Vladyslav"]
[Black "Andre, Tomas"]
[Result "1-0"]
[WhiteTitle "FM"]
[BlackTitle "CM"]
[WhiteElo "2246"]
[BlackElo "2111"]
[WhiteFideId "14145928"]
[BlackFideId "14975793"]
[EventDate "2025.09.13"]

1. c4 Nf6 2. g3 e5 3. Bg2 Bc5 4. Nc3 O-O 5. d3 c6 6. Nf3 Re8 7. O-O h6 8. Nxe5
Rxe5 9. d4 Bxd4 10. Qxd4 Re8 11. e4 d6 12. Bf4 Be6 13. b3 Qa5 14. Bxd6 c5 15.
Qd2 Nc6 16. Rad1 Rad8 17. Nb5 Qxd2 18. Rxd2 Rd7 19. Bf4 Red8 20. Rfd1 g5 21.
Rxd7 Rxd7 22. Rxd7 Nxd7 23. Be3 Kf8 24. f4 f6 25. Nd6 Nd8 26. Nc8 Nc6 27. Nd6
Nd8 28. e5 1-0

[Event "exe Slovakia Open 2025"]
[Site "Bratislava SVK"]
[Date "2025.09.18"]
[Round "6.17"]
[White "Zawisza, Alan"]
[Black "Dovgaliuk, Oleksandr"]
[Result "1/2-1/2"]
[BlackTitle "FM"]
[WhiteElo "2084"]
[BlackElo "2316"]
[WhiteFideId "91131456"]
[BlackFideId "14167247"]
[EventDate "2025.09.13"]

1. e4 c5 2. Nf3 d6 3. d4 cxd4 4. Nxd4 Nf6 5. Nc3 a6 6. Bg5 e6 7. Qe2 Be7 8. f4
h6 9. Bxf6 Bxf6 10. O-O-O O-O 11. g4 e5 12. Nf5 Bxf5 13. exf5 exf4 14. Nd5 Be5
15. h4 Nc6 16. Kb1 Re8 17. Qf2 Qa5 18. Bc4 Qc5 19. Qxc5 dxc5 20. Nb6 Rad8 21. g5
Na5 22. Bd5 Kf8 23. a3 Rd6 24. Nc4 Rxd5 25. Nxa5 Rxd1+ 26. Rxd1 b6 27. Nc4 Bc7
28. f6 b5 29. Nd2 Rd8 30. c3 gxf6 31. gxh6 f3 32. Kc2 f2 33. Rf1 Bf4 34. Rxf2
Bxd2 35. Rxd2 Rxd2+ 36. Kxd2 Kg8 37. Ke3 Kh7 38. Kf4 Kxh6 39. Kf5 1/2-1/2

[Event "exe Slovakia Open 2025"]
[Site "Bratislava SVK"]
[Date "2025.09.18"]
[Round "6.18"]
[White "Zaiarski, Stepan"]
[Black "Farkas, Gabor1"]
[Result "1-0"]
[BlackTitle "IM"]
[WhiteElo "1987"]
[BlackElo "2316"]
[WhiteFideId "13907000"]
[BlackFideId "14908034"]
[EventDate "2025.09.13"]

1. d4 Nf6 2. c4 e6 3. g3 c5 4. d5 exd5 5. cxd5 d6 6. Nc3 g6 7. Bg2 Bg7 8. Nf3
O-O 9. O-O a6 10. a4 Re8 11. Re1 Nbd7 12. Bf4 Qc7 13. h3 Rb8 14. e4 Nh5 15. Bd2
b5 16. axb5 axb5 17. Bf1 b4 18. Nb5 Qb6 19. Qc2 Ne5 20. Nxe5 Bxe5 21. f4 Bg7 22.
g4 Bd7 23. Nxd6 Qxd6 24. gxh5 g5 25. Ra6 Qc7 26. d6 Qb7 27. Qxc5 Rxe4 28. Qc7
Rxe1 29. Bxe1 h6 30. Qxb7 Rxb7 31. Ra8+ Kh7 32. Bd3+ f5 33. Rd8 Be6 34. Re8 Bd4+
35. Bf2 Bf7 36. Bxf5+ 1-0

[Event "exe Slovakia Open 2025"]
[Site "Bratislava SVK"]
[Date "2025.09.18"]
[Round "6.19"]
[White "Thompson, Ian D"]
[Black "Schwarz, Dusan"]
[Result "0-1"]
[WhiteTitle "FM"]
[WhiteElo "2006"]
[BlackElo "2270"]
[WhiteFideId "405205"]
[BlackFideId "14903890"]
[EventDate "2025.09.13"]

1. c4 e5 2. Nc3 Nc6 3. Nf3 f5 4. d4 e4 5. Nd2 Nf6 6. e3 Bb4 7. Nd5 Nxd5 8. cxd5
Ne7 9. Bc4 Bd6 10. g4 O-O 11. gxf5 Nxf5 12. Nxe4 Qh4 13. Qc2 Bb4+ 14. Nc3 d6 15.
Rf1 Re8 16. Be2 Nxd4 17. exd4 Bg4 18. Be3 Rxe3 19. O-O-O Re7 20. f3 Bh3 21. Rg1
Qf4+ 22. Kb1 Bxc3 23. bxc3 Qxh2 24. Bd3 Qxc2+ 25. Kxc2 Bd7 26. Kd2 Rf8 27. Rde1
Ref7 28. Rg3 g6 29. Re3 Kg7 30. c4 b6 31. c5 Re8 32. Be4 Bf5 33. Kd3 Rfe7 34.
Re1 Kf6 35. Rh1 Rxe4 0-1

[Event "exe Slovakia Open 2025"]
[Site "Bratislava SVK"]
[Date "2025.09.18"]
[Round "6.20"]
[White "Vasynda, Oleksandr"]
[Black "Boesel, Alexander"]
[Result "0-1"]
[WhiteTitle "FM"]
[WhiteElo "2209"]
[BlackElo "2054"]
[WhiteFideId "14176297"]
[BlackFideId "4623185"]
[EventDate "2025.09.13"]

1. d4 d5 2. c4 e6 3. Nc3 Nf6 4. Bg5 dxc4 5. e3 c5 6. Nf3 Nc6 7. dxc5 Qxd1+ 8.
Rxd1 Bxc5 9. Bxc4 O-O 10. O-O a6 11. a4 Nd7 12. Ne4 Bb4 13. Nd4 Nde5 14. Ba2
Nxd4 15. Rxd4 Nc6 16. Rd3 b5 17. Rc1 Bb7 18. f3 Ne5 19. Rd4 Rfc8 20. Rcd1 Bf8
21. Bf4 Bxe4 22. fxe4 Ng6 23. Bg3 Bc5 24. R4d3 bxa4 25. Kf2 h5 26. h3 h4 27. Bh2
Bb4 28. Bb1 e5 29. Kf3 Rc6 30. Ba2 Rac8 31. Rd8+ Rxd8 32. Rxd8+ Kh7 33. Ra8 a5
34. Bd5 Rc1 35. Ke2 Rc2+ 36. Kf3 f6 37. Bg8+ Kh6 38. Bf7 Nf8 39. Ra6 Kh7 40. Be8
Rxb2 41. Bxa4 Rb1 42. g3 Rb2 43. Bg1 hxg3 44. h4 Rb1 45. Kg2 Kh6 46. Be8 Ng6 47.
Ra7 Nxh4+ 48. Kxg3 Rxg1+ 49. Kxh4 Be1+ 50. Kh3 Rg3+ 51. Kh2 Rxe3 52. Bc6 g6 53.
Kg2 Kg5 54. Ra6 Bb4 55. Bd5 Rd3 56. Kf2 f5 57. Bf7 Rd6 58. Ra8 fxe4 59. Ke3 Kf6
60. Be8 Kf5 61. Bb5 Bd2+ 62. Ke2 e3 63. Rf8+ Rf6 64. Bd3+ Ke6 65. Bc4+ Ke7 66.
Rg8 e4 67. Rh8 Kd6 68. Re8 Rf4 69. Bb5 Rf2+ 70. Kd1 Rf5 71. Be2 Re5 72. Ra8 Ke6
73. Bc4+ Kf5 74. Rf8+ Kg4 75. Ke2 Kg3 76. Rf1 Kg2 77. Rf6 g5 78. Bb3 g4 79. Rg6
g3 80. Be6 Rh5 81. Rg8 Rh1 82. Bh3+ Rxh3 83. Rg4 Rh2 84. Rg8 Kh1+ 85. Kd1 g2 86.
Rh8 g1=Q+ 87. Kc2 Qc1+ 0-1

[Event "exe Slovakia Open 2025"]
[Site "Bratislava SVK"]
[Date "2025.09.18"]
[Round "6.21"]
[White "Matejka, Simon"]
[Black "Kubik, Rafal"]
[Result "0-1"]
[BlackTitle "CM"]
[WhiteElo "1950"]
[BlackElo "2192"]
[WhiteFideId "14974541"]
[BlackFideId "21022852"]
[EventDate "2025.09.13"]

1. e4 e5 2. Nf3 Nc6 3. Bc4 Bc5 4. O-O Nf6 5. c3 Nxe4 6. d4 exd4 7. cxd4 d5 8.
dxc5 dxc4 9. Qe2 Qd3 10. Re1 f5 11. Nc3 O-O 12. Nxe4 fxe4 13. Qxe4 Bf5 14. Qxd3
Bxd3 15. Be3 Rad8 16. a3 h6 17. Rac1 Na5 18. Rc3 Rfe8 19. Bf4 Rxe1+ 20. Nxe1 Rd7
21. Nxd3 Rxd3 22. f3 c6 23. Kf2 Rd5 24. Bc7 Nb3 25. Rxc4 Nxc5 26. Ke3 Kf7 27. f4
Nd7 28. b4 Nf6 29. h3 Rd1 30. Be5 Nd5+ 31. Ke2 Rb1 32. f5 Rb3 33. Kf2 Rxa3 34.
Rg4 Nf6 35. Rd4 Rb3 36. h4 h5 37. Ke2 Nd5 38. Bd6 Nc3+ 39. Ke1 Nb5 40. Rd1 Nxd6
41. Rxd6 Rxb4 42. Ke2 a5 43. Kf3 a4 44. Rd7+ Kf6 45. Rd8 Kxf5 0-1

[Event "exe Slovakia Open 2025"]
[Site "Bratislava SVK"]
[Date "2025.09.18"]
[Round "6.22"]
[White "Jendrowiak, Maciej"]
[Black "Kolman, Richard"]
[Result "1-0"]
[WhiteElo "2171"]
[BlackElo "1982"]
[WhiteFideId "21861374"]
[BlackFideId "14904993"]
[EventDate "2025.09.13"]

1. e4 c5 2. Nf3 e6 3. c3 d5 4. exd5 Qxd5 5. d4 Nf6 6. Na3 Nc6 7. Be3 cxd4 8. Nb5
Qd8 9. Nbxd4 Nxd4 10. Bxd4 Be7 11. Bd3 O-O 12. Qc2 h6 13. O-O-O Qa5 14. Kb1 b6
15. Ne5 Bb7 16. Rhg1 Rac8 17. g4 Rfd8 18. Qe2 Nd5 19. g5 Nf4 20. gxh6 g5 21. h7+
Kg7 22. Qe3 Rxd4 23. Qxd4 Nxd3 24. Rxd3 Bf6 25. Rdg3 Bxe5 26. Rxg5+ Kf6 27. Qh4
Rc4 28. Rg6+ 1-0

[Event "exe Slovakia Open 2025"]
[Site "Bratislava SVK"]
[Date "2025.09.18"]
[Round "6.23"]
[White "Marchesich, Giovanni"]
[Black "Smetana, Peter"]
[Result "0-1"]
[WhiteTitle "CM"]
[WhiteElo "2189"]
[BlackElo "1956"]
[WhiteFideId "2824790"]
[BlackFideId "14961946"]
[EventDate "2025.09.13"]

1. e4 c5 2. Nf3 Nc6 3. Bb5 g6 4. Bxc6 dxc6 5. d3 Qc7 6. O-O e5 7. h3 f6 8. a4 g5
9. Nfd2 h5 10. Nc4 Be6 11. Qe2 O-O-O 12. Be3 Kb8 13. Nbd2 Nh6 14. Nb3 g4 15. h4
b6 16. a5 b5 17. Ncd2 f5 18. exf5 Nxf5 19. Bxc5 Nxh4 20. c4 Bf5 21. d4 e4 22.
Nxe4 Re8 23. Nbd2 Bxc5 24. dxc5 Bxe4 25. Nxe4 Qf4 26. f3 gxf3 27. gxf3 Rhg8+ 28.
Kh1 Rg2 0-1

[Event "exe Slovakia Open 2025"]
[Site "Bratislava SVK"]
[Date "2025.09.18"]
[Round "6.24"]
[White "Ondreicka, Roman"]
[Black "Bujukliev, Nikola"]
[Result "1/2-1/2"]
[WhiteElo "1938"]
[BlackElo "2130"]
[WhiteFideId "14980231"]
[BlackFideId "15000907"]
[EventDate "2025.09.13"]

1. Nf3 d5 2. g3 c5 3. Bg2 Nc6 4. d4 Nf6 5. O-O e6 6. c4 Be7 7. dxc5 Bxc5 8. cxd5
exd5 9. Nbd2 d4 10. Nb3 Bb6 11. Qd3 O-O 12. Rd1 Bg4 13. Nbxd4 Nxd4 14. Nxd4 Bxd4
15. Qxd4 Bxe2 16. Qxd8 Raxd8 17. Re1 Ba6 18. Be3 b6 19. Rac1 h6 20. Rc7 Rd7 21.
Rec1 Rfd8 22. Bf3 g5 23. h3 Kg7 24. Kg2 Bb5 25. g4 Kg6 26. R1c2 Rxc7 27. Rxc7
Rd7 28. Rxd7 Bxd7 29. Bd4 Be6 30. a3 Nd7 31. Be4+ f5 32. Bc2 Nf6 33. Be5 Nd7 34.
Bd4 Nf6 35. Be5 Nd7 36. Bd4 Nf6 1/2-1/2

[Event "exe Slovakia Open 2025"]
[Site "Bratislava SVK"]
[Date "2025.09.18"]
[Round "6.25"]
[White "Michalska, Aleksandra"]
[Black "Schroeder, Lennart"]
[Result "1/2-1/2"]
[WhiteElo "1892"]
[BlackElo "2126"]
[WhiteFideId "1193953"]
[BlackFideId "16222490"]
[EventDate "2025.09.13"]

1. e4 c5 2. b3 Nc6 3. Bb2 d6 4. Bb5 Bd7 5. f4 e6 6. Nf3 Nf6 7. Qe2 Qc7 8. Nc3
Be7 9. d3 d5 10. Ne5 d4 11. Bxc6 Bxc6 12. Nxc6 Qxc6 13. Nb1 b5 14. Nd2 O-O 15.
O-O Rfd8 16. g4 a6 17. a4 Nd7 18. Nf3 Qc7 19. Bc1 c4 20. axb5 cxd3 21. cxd3 Nc5
22. Qc2 Qb6 23. b4 Nd7 24. Rxa6 Rxa6 25. bxa6 Bxb4 26. Bb2 Bc3 27. Bxc3 dxc3+
28. Kh1 Qxa6 29. Qxc3 Nb6 30. Ne1 Rc8 31. Qd4 Na4 32. Rf2 Nc3 33. Rc2 Qa1 34.
Qf2 Qa3 35. Kg2 Qa1 36. Nf3 h6 37. Ne5 f6 38. Qd2 Qa3 39. Nc4 Rxc4 40. dxc4 Nxe4
41. Rc1 Qb3 42. Qe1 Qb2+ 43. Kg1 Qd4+ 44. Kg2 Nc5 45. Rd1 Qxf4 46. Rd8+ Kh7 47.
h3 f5 48. Qf2 Qg5 49. Rd4 h5 50. Qf3 hxg4 51. hxg4 e5 52. Rd1 fxg4 53. Rh1+ Kg6
54. Qc6+ Qf6 55. Qe8+ Qf7 56. Qxf7+ Kxf7 57. Kg3 Ne4+ 58. Kg2 Ke6 1/2-1/2

[Event "exe Slovakia Open 2025"]
[Site "Bratislava SVK"]
[Date "2025.09.18"]
[Round "6.26"]
[White "Gay, Lukas"]
[Black "Sommerbauer-Cornell, Ben"]
[Result "1-0"]
[WhiteElo "2093"]
[BlackElo "1977"]
[WhiteFideId "14966433"]
[BlackFideId "494712"]
[EventDate "2025.09.13"]

1. e4 g6 2. d4 d6 3. Nf3 Bg7 4. c3 Nd7 5. Bd3 e5 6. Bg5 Ne7 7. dxe5 Nxe5 8. Nxe5
Bxe5 9. Nd2 h6 10. Be3 Bg7 11. O-O d5 12. exd5 Qxd5 13. Bc4 Qd7 14. Bc5 O-O 15.
Re1 Re8 16. Qf3 Nf5 17. Nb3 Bf8 18. Bxf8 Rxf8 19. Nc5 Qd6 20. Ne4 Qb6 21. Qf4
Nd6 22. Nxd6 Qxd6 23. Qxd6 cxd6 24. Rad1 Bf5 25. Re7 d5 26. Bxd5 Rab8 27. f3 Kg7
28. Bb3 Kf6 29. Rc7 h5 30. Rd6+ Ke5 31. Rd5+ Kf6 32. Kf2 Be6 33. Rd4 a6 34. Bxe6
Kxe6 35. Rb4 Rbd8 36. Rb6+ Ke5 37. Rc5+ Rd5 38. f4+ Ke4 39. Rb4+ Rd4 40. Rxd4# 1-0

[Event "exe Slovakia Open 2025"]
[Site "Bratislava SVK"]
[Date "2025.09.18"]
[Round "6.27"]
[White "Voiculescu-Holvad, Stefan"]
[Black "Canella, Jacopo"]
[Result "1/2-1/2"]
[WhiteElo "1875"]
[BlackElo "2080"]
[WhiteFideId "20692005"]
[BlackFideId "2864750"]
[EventDate "2025.09.13"]

1. d4 d5 2. Nf3 c5 3. c4 e6 4. cxd5 exd5 5. g3 Nf6 6. Bg2 Nc6 7. O-O Be7 8. Nc3
O-O 9. Bg5 c4 10. Ne5 Be6 11. Nxc6 bxc6 12. b3 h6 13. Bxf6 Bxf6 14. bxc4 dxc4
15. e3 c5 16. Ne4 Be7 17. Nxc5 Bxc5 18. dxc5 Rc8 19. c6 Qa5 20. Qc2 Rfd8 21.
Rfd1 Rxd1+ 22. Rxd1 Rb8 23. Rb1 Rd8 1/2-1/2

[Event "exe Slovakia Open 2025"]
[Site "Bratislava SVK"]
[Date "2025.09.18"]
[Round "6.28"]
[White "Oruzinsky, Juraj"]
[Black "Barbir, Petar"]
[Result "1-0"]
[WhiteTitle "FM"]
[WhiteElo "2318"]
[BlackElo "1923"]
[WhiteFideId "14962195"]
[BlackFideId "14596466"]
[EventDate "2025.09.13"]

1. e4 c5 2. c3 Nf6 3. e5 Nd5 4. Nf3 Nc6 5. Bc4 e6 6. d4 cxd4 7. cxd4 d6 8. O-O
Be7 9. Bd2 O-O 10. Qe2 b6 11. Nc3 dxe5 12. dxe5 Nxc3 13. Bxc3 Bb7 14. Rac1 Rc8
15. Bd3 Nb4 16. Bb1 Ba6 17. Qe4 Bd3 18. Bxd3 Nxd3 19. Rcd1 Nc5 20. Qe3 Qc7 21.
Rd4 Rcd8 22. Rg4 Kh8 23. Ng5 h6 24. Nf3 Nd3 25. Nd4 Nc5 26. h3 Bg5 27. Qg3 f5
28. exf6 Qxg3 29. fxg7+ Kxg7 30. Rxg3 Kh7 31. Re1 Bf4 32. Rf3 e5 33. Nc6 Nd3 34.
Nxd8 Nxe1 35. Bxe1 Rxd8 36. Kf1 Kg6 37. Ke2 h5 38. Rd3 Rc8 39. Bc3 Kf5 40. Rd7
a5 41. g3 Bg5 42. Rd6 b5 43. Rd5 b4 44. Rxe5+ Kg6 45. Bd4 Rc2+ 46. Kf3 Bc1 47.
Rxa5 Bxb2 48. Ra6+ Kf7 49. Bxb2 Rxb2 50. g4 b3 51. axb3 Rxb3+ 52. Kg2 Rc3 53.
Ra5 hxg4 54. hxg4 1-0

[Event "exe Slovakia Open 2025"]
[Site "Bratislava SVK"]
[Date "2025.09.18"]
[Round "6.29"]
[White "Kudela, Oliver"]
[Black "Durana, Jonas"]
[Result "0-1"]
[WhiteElo "1894"]
[BlackElo "2112"]
[WhiteFideId "14971755"]
[BlackFideId "73619663"]
[EventDate "2025.09.13"]

1. e4 e5 2. Nf3 Nc6 3. Bc4 Nf6 4. d3 Bc5 5. c3 O-O 6. O-O d5 7. exd5 Nxd5 8. Re1
Bg4 9. Nbd2 Nb6 10. Bb3 Qxd3 11. Bc2 Bxf3 12. Nxf3 Qxd1 13. Bxd1 Rfe8 14. b4 Bd6
15. a4 h6 16. a5 Nd5 17. a6 Nxc3 18. axb7 Rab8 0-1

[Event "exe Slovakia Open 2025"]
[Site "Bratislava SVK"]
[Date "2025.09.18"]
[Round "6.30"]
[White "Mikusik, Marian"]
[Black "Babula, Matej"]
[Result "0-1"]
[WhiteElo "1947"]
[BlackElo "2012"]
[WhiteFideId "14905345"]
[BlackFideId "398322"]
[EventDate "2025.09.13"]

1. c4 Nf6 2. Nf3 e6 3. g3 b6 4. Bg2 Bb7 5. O-O Be7 6. b3 O-O 7. Bb2 d5 8. Na3 c5
9. cxd5 exd5 10. d4 Nbd7 11. Nc2 Rc8 12. Ne3 c4 13. Rc1 b5 14. Ne5 Qc7 15. Nf5
Nb6 16. a4 a6 17. a5 Na8 18. Qd2 Ne8 19. Bh3 Rd8 20. Nxe7+ Qxe7 21. Bc3 f6 22.
Bb4 Nd6 23. Nd7 Rxd7 24. Bxd7 Qxd7 25. Qf4 Rd8 26. f3 Nc7 27. Rfe1 Ne6 28. Qd2
Re8 29. e3 Ng5 30. Qg2 cxb3 31. Rc3 Nc4 32. Rxb3 Qf5 33. f4 Ne4 34. Rbb1 Bc8 35.
Ra1 Qh5 36. Ra2 0-1

[Event "exe Slovakia Open 2025"]
[Site "Bratislava SVK"]
[Date "2025.09.18"]
[Round "6.31"]
[White "Mattinson, Kai"]
[Black "Sekova, Olivia"]
[Result "1/2-1/2"]
[WhiteElo "1882"]
[BlackElo "2102"]
[WhiteFideId "343401562"]
[BlackFideId "14959690"]
[EventDate "2025.09.13"]

1. e4 c5 2. d4 cxd4 3. c3 d5 4. exd5 Qxd5 5. cxd4 Nf6 6. Nc3 Qd8 7. Bc4 e6 8.
Nf3 Be7 9. O-O O-O 10. Ne5 Nc6 11. Nxc6 bxc6 12. Bf4 Nd5 13. Bg3 Nxc3 14. bxc3
Bf6 15. Qa4 Bd7 16. Qa6 Qc8 17. Rab1 Qxa6 18. Bxa6 Bc8 19. Bb7 Bxb7 20. Rxb7
Rfd8 21. h3 h5 22. h4 a5 23. Rfb1 Rd5 24. Rc7 Rb5 25. Rxb5 cxb5 26. a3 b4 27.
cxb4 axb4 28. axb4 Bxd4 29. Kf1 e5 30. Rb7 f5 31. f3 Ra1+ 32. Ke2 Rg1 33. Be1
Rxg2+ 34. Kd3 Rg6 35. Rc7 Ra6 36. b5 Ra3+ 37. Ke2 Rb3 38. Rb7 Kh7 39. Bd2 Kg6
40. Bg5 e4 41. fxe4 fxe4 42. Rd7 Rb2+ 43. Kd1 Bf6 44. Rd5 Bxg5 45. Rxg5+ Kh6 46.
Re5 Kg6 47. Rxe4 Rxb5 48. Ke2 Kf5 49. Ra4 Rb1 50. Kf3 Rf1+ 51. Kg2 Rf4 52. Ra5+
Kg4 53. Rg5+ Kxh4 54. Rxg7 Rc4 55. Kh2 Rc3 56. Rg2 Rh3+ 57. Kg1 Rf3 58. Kh2 Rf4 1/2-1/2

[Event "exe Slovakia Open 2025"]
[Site "Bratislava SVK"]
[Date "2025.09.18"]
[Round "6.32"]
[White "Nookala, Nikhil Sriram"]
[Black "Striskova, Lucia"]
[Result "1/2-1/2"]
[BlackTitle "WFM"]
[WhiteElo "1819"]
[BlackElo "2042"]
[WhiteFideId "146241958"]
[BlackFideId "14960958"]
[EventDate "2025.09.13"]

1. c3 Nf6 2. d3 d5 3. Qc2 e5 4. e4 c6 5. Nf3 Nbd7 6. Bg5 Bd6 7. Nbd2 Qc7 8. g3
h6 9. Bxf6 Nxf6 10. Bg2 dxe4 11. dxe4 Be6 12. c4 a5 13. a3 Nd7 14. O-O O-O 15.
Rad1 Rfd8 16. Ne1 a4 17. Nd3 Nc5 18. Nxc5 Bxc5 19. Nf3 f6 20. Rxd8+ Qxd8 21. Rd1
Qb6 22. Rd3 Qa6 23. Bf1 Kh7 24. Rd2 Qb6 25. Rd3 Bg4 26. Kg2 Bxf3+ 27. Kxf3 Bd4
28. Rd2 Qc5 29. Kg2 Ra6 30. Qd1 Ra8 31. Qg4 Qe7 32. h4 g6 33. h5 Qf7 34. Be2 g5
35. Qf5+ Kg7 36. Bd1 Ra6 37. Rd3 Rb6 38. b4 axb3 39. Bxb3 c5 1/2-1/2